000
00299nam a22001337a 4500
008
171013b xxu||||| |||| 00| 0 eng d
020
_a
9780078049842
041
_a
eng
080
_2
14TH
_a
316
100
_a
51
101
_a
SOC
245
_a
LIFE-SPAN DEVELOPMENT
_c
SANTROCK,J.W
942
_2
udc
_c
BK
999
_c
33798
_d
33798